000
00316nam a22001457a 4500
008
230911b ||||| |||| 00| 0 eng d
020
_a
9780231080880
041
_a
eng
080
_a
521
082
_a
521BEN
100
_a
19
101
_a
ASTRO
245
_a
EARLY LIFE ON EARTH
_c
BENGTSON .S
942
_2
udc
_c
BK
999
_c
60320
_d
60320